|
|
|
|
| LEADER |
01984nam a22003497a 4500 |
| 001 |
34124 |
| 003 |
BD-DhAAL |
| 005 |
20211129104255.0 |
| 008 |
190103r20182017ii a 001 0 eng d |
| 999 |
|
|
|c 40156
|d 40156
|
| 020 |
|
|
|a 9789352605477
|
| 020 |
|
|
|a 9352605470
|
| 040 |
|
|
|a BD-DhAAL
|
| 082 |
0 |
0 |
|a 658.5
|2 22
|
| 100 |
1 |
|
|a Stevenson, William J.
|9 29373
|
| 245 |
1 |
0 |
|a Operations management /
|c William J. Stevenson.
|
| 250 |
|
|
|a Twelfth edition
|
| 260 |
|
|
|a Chennai :
|b McGraw Hill Education,
|c 2017 [reprinted 2018]
|
| 300 |
|
|
|a xxxii, 903 pages :
|b illustrations ;
|c 28 cm.
|
| 490 |
|
4 |
|a The McGraw-Hill/Irwin series operations and decision sciences
|
| 500 |
|
|
|a Includes index.
|
| 526 |
|
|
|a BBS
|
| 541 |
|
|
|a Trim Education
|e 34124, 34125, 34126, 34127, 34128
|
| 650 |
|
0 |
|a Production management.
|9 29374
|
| 650 |
|
0 |
|a Business & finance.
|9 43278
|
| 852 |
4 |
|
|a Ayesha Abed Library
|c General Stacks
|
| 942 |
|
|
|c BK
|2 ddc
|
| 952 |
|
|
|0 0
|1 0
|2 ddc
|4 0
|6 658_500000000000000_STE
|7 0
|9 64777
|a BRACUL
|b BRACUL
|c GEN
|d 2018-12-09
|e Trim Education
|g 1240.00
|l 15
|m 180
|o 658.5 STE
|p 3010034124
|q 2026-05-17
|r 2026-02-02
|s 2026-02-02
|t 1
|v 1240.00
|w 2018-12-09
|y BK
|
| 952 |
|
|
|0 0
|1 0
|2 ddc
|4 0
|6 658_500000000000000_STE
|7 0
|9 64778
|a BRACUL
|b BRACUL
|c GEN
|d 2018-12-09
|e Trim Education
|g 1240.00
|l 16
|m 142
|o 658.5 STE
|p 3010034125
|q 2026-06-02
|r 2026-02-02
|s 2026-02-02
|t 2
|v 1240.00
|w 2018-12-09
|y BK
|
| 952 |
|
|
|0 0
|1 0
|2 ddc
|4 0
|6 658_500000000000000_STE
|7 0
|9 64779
|a BRACUL
|b BRACUL
|c GEN
|d 2018-12-09
|e Trim Education
|g 1240.00
|l 18
|m 187
|o 658.5 STE
|p 3010034126
|r 2026-05-19
|s 2026-03-08
|t 3
|v 1240.00
|w 2018-12-09
|y BK
|
| 952 |
|
|
|0 0
|1 0
|2 ddc
|4 0
|6 658_500000000000000_STE
|7 0
|9 64780
|a BRACUL
|b BRACUL
|c GEN
|d 2018-12-09
|e Trim Education
|g 1240.00
|l 17
|m 114
|o 658.5 STE
|p 3010034127
|r 2026-05-19
|s 2026-02-01
|t 4
|v 1240.00
|w 2018-12-09
|y BK
|
| 952 |
|
|
|0 0
|1 0
|2 ddc
|4 0
|6 658_500000000000000_STE
|7 0
|9 64781
|a BRACUL
|b BRACUL
|c GEN
|d 2018-12-09
|e Trim Education
|g 1240.00
|l 13
|m 149
|o 658.5 STE
|p 3010034128
|q 2026-06-02
|r 2026-02-23
|s 2026-02-23
|t 5
|v 1240.00
|w 2018-12-09
|y BK
|